| 000 -CABECERA |
| fixed length control field |
00746nam a22002057a 4500 |
| 003 - IDENTIFICADOR DEL NÚMERO DE CONTROL |
| control field |
AR-CdUCM |
| 008 - DATOS DE LONGITUD FIJA--INFORMACIÓN GENERAL |
| fixed length control field |
190528b ||||| |||| 00| 0 spa d |
| 040 ## - FUENTE DE LA CATALOGACIÓN |
| Agencia/entidad que catalogó originalmente la obra |
MUNICIPALIDAD PROVINCIAL DEL CUSCO |
| Entidad que transcribió la catalogación |
BIBLIOTECA MUNICIPAL DEL CUSCO |
| 082 ## - NÚMERO DE LA CLASIFICACIÓN DECIMAL DEWEY |
| No. de la edición |
3ed |
| No. de Clasificación |
728.084 / |
| Notacion interna |
M712 |
| 100 ## - ENTRADA PRINCIPAL--NOMBRE DE PERSONA |
| Nombre Personal |
Moia, José Luis |
| 245 ## - MENCIÓN DE TÍTULO |
| Título |
Cómo debe proyectarse una vivienda / |
| 260 ## - PUBLICACIÓN, DISTRIBUCIÓN, ETC. |
| Lugar de publicación, distribución, etc. |
Buenos Aires : |
| Nombre de la editorial, distribuidor, etc. |
Edit. Windsor, |
| Fecha de publicación, distribución, etc. |
1951. |
| 300 ## - DESCRIPCIÓN FÍSICA |
| Nº de Páginas Extensión |
309 páginas ; |
| Otros detalles físicos |
Planos, |
| Dimensiones |
27 cm. |
| 505 ## - NOTA DE CONTENIDO CON FORMATO |
| Nota de contenido formateada |
Contenido: Antecedentes -- Clasificación y adquisición de viviendas -- Dibujo arquitectónico... |
| 650 ## - PUNTO DE ACCESO ADICIONAL DE MATERIA--TÉRMINO DE MATERIA |
| Descriptor |
Arquitectura doméstica |
| 9 (RLIN) |
42297 |
| 650 ## - PUNTO DE ACCESO ADICIONAL DE MATERIA--TÉRMINO DE MATERIA |
| Descriptor |
Construcción |
| 9 (RLIN) |
4996 |
| 650 ## - PUNTO DE ACCESO ADICIONAL DE MATERIA--TÉRMINO DE MATERIA |
| Descriptor |
Planos y dibujos |
| 9 (RLIN) |
42298 |
| 942 ## - ELEMENTOS DE PUNTO DE ACCESO ADICIONAL (KOHA) |
| Fuente de clasificación |
|
| Tipo de item |
Libros-BMC |
| 945 ## - PROCESAMIENTO DE INFORMACIÓN LOCAL (OCLC) |
| Catalogador |
davv |
| AAAA-MM-DD - Fecha de ingreso o modificacion |
2019-05-28 |